[Event "III Aberto do Brasil Cidade de MaringÃƒÂ"]
[Site "Country Club de MaringÃƒÂ¡ - P"]
[Date "2013.07.27"]
[Round "6"]
[White "SOUZA NEVES, Andrey M"]
[Black "NOLASCO DE MORAES, Vitor"]
[Result "1-0"]
[WhiteElo "2172"]
[BlackElo "1911"]
[PlyCount "99"]
[EventDate "2013.07.24"]

1. d4 Nf6 2. Nf3 d5 3. e3 e6 4. Bd3 Be7 5. Nbd2 O-O 6. Ne5 c5 7. c3 Nc6 8. f4
Bd7 9. O-O Ne8 10. Qh5 f5 11. Qh3 Nf6 12. Be2 Nxe5 13. fxe5 Ne4 14. Nxe4 dxe4
15. Bd2 b5 16. Kh1 Qb6 17. g4 Rad8 18. d5 fxg4 19. Bxg4 h5 20. Qxh5 exd5 21.
Rg1 Be8 22. Qh3 Qh6 23. Be1 Bg5 24. Qxh6 gxh6 25. Rd1 Kh7 26. h3 Bxe3 27. Bh4
Bg5 28. Bxg5 hxg5 29. e6 Rd6 30. Rgf1 Rf4 31. Bf5+ Bg6 32. e7 Rxf5 33. Rxf5 Re6
34. Rfxd5 e3 35. Rd7 Kh6 36. Re1 e2 37. Kg1 Bh5 38. Rxa7 Re3 39. Kf2 Re4 40.
Rc7 Re5 41. b4 c4 42. Rc5 Rxe7 43. Rxb5 Rf7+ 44. Kg1 Rd7 45. a4 Rd3 46. a5 Rxc3
47. a6 Ra3 48. Ra5 Rg3+ 49. Kf2 Rxh3 50. a7 1-0

[Event "III Aberto do Brasil Cidade de MaringÃƒÂ"]
[Site "Country Club de MaringÃƒÂ¡ - P"]
[Date "2013.07.27"]
[Round "6"]
[White "OKAWATI, Gabriel Akira"]
[Black "SILVA, Lucas Henrique Da"]
[Result "1/2-1/2"]
[WhiteElo "1867"]
[BlackElo "2089"]
[PlyCount "66"]
[EventDate "2013.07.24"]

1. e4 c5 2. Nf3 Nc6 3. d4 cxd4 4. Nxd4 Nf6 5. Nc3 e6 6. Ndb5 Bb4 7. a3 Bxc3+ 8.
Nxc3 d5 9. exd5 exd5 10. Bd3 O-O 11. O-O d4 12. Ne2 Bg4 13. f3 Bh5 14. b4 Qb6
15. Nf4 Bg6 16. Nxg6 hxg6 17. f4 Ne7 18. Qf3 Nf5 19. Bd2 Rfe8 20. Rfe1 Rad8 21.
Kh1 Rxe1+ 22. Rxe1 Nd5 23. Bxf5 gxf5 24. Re5 Ne3 25. Bxe3 dxe3 26. Rxe3 Rd1+
27. Qxd1 Qxe3 28. Qd8+ Kh7 29. Qh4+ Kg8 30. Qd8+ Kh7 31. Qh4+ Kg8 32. Qd8+ Kh7
33. Qh4+ Kg8 1/2-1/2

[Event "III Aberto do Brasil Cidade de MaringÃƒÂ"]
[Site "Country Club de MaringÃƒÂ¡ - P"]
[Date "2013.07.27"]
[Round "7"]
[White "MARECO, Sandro"]
[Black "QUINTILIANO PINTO, Renato R"]
[Result "1-0"]
[WhiteElo "2562"]
[BlackElo "2308"]
[PlyCount "77"]
[EventDate "2013.07.24"]

1. Nf3 c5 2. c4 Nc6 3. d4 cxd4 4. Nxd4 g6 5. e4 Nf6 6. Nc3 Bg7 7. Be3 d6 8. Be2
O-O 9. O-O Nxd4 10. Bxd4 Bd7 11. Qd2 Bc6 12. f3 Nd7 13. Bf2 a5 14. b3 Nc5 15.
Rab1 e6 16. Bd1 f5 17. exf5 gxf5 18. Bc2 b6 19. Rbd1 Qe8 20. a3 Be5 21. Bd4 Rd8
22. Ne2 Qe7 23. b4 axb4 24. axb4 Nd7 25. Bb3 b5 26. Rde1 bxc4 27. Bxc4 d5 28.
Bb3 Bb8 29. Nf4 Qg5 30. Be3 Bxf4 31. Bxf4 Qg6 32. b5 Bxb5 33. Rxe6 Qf7 34. Rd6
Nf6 35. Re1 Rxd6 36. Bxd6 Rd8 37. Re7 Qf8 38. Qg5+ Kh8 39. Be5 1-0

[Event "III Aberto do Brasil Cidade de MaringÃƒÂ"]
[Site "Country Club de MaringÃƒÂ¡ - P"]
[Date "2013.07.27"]
[Round "7"]
[White "MENNA BARRETO, Felipe Kubiaki"]
[Black "BACHMANN, Axel"]
[Result "0-1"]
[WhiteElo "2277"]
[BlackElo "2536"]
[PlyCount "62"]
[EventDate "2013.07.24"]

1. d4 Nf6 2. Nf3 e6 3. e3 b6 4. Bd3 Bb7 5. Nbd2 d5 6. O-O Nbd7 7. c4 Bd6 8. b3
O-O 9. Qc2 c5 10. Bb2 cxd4 11. exd4 Rc8 12. a4 a5 13. Rfe1 Nb8 14. Qd1 Bb4 15.
Ne5 Nc6 16. Re3 g6 17. Ndf3 Ne7 18. g4 Ne4 19. Bxe4 dxe4 20. Ng5 Nd5 21. cxd5
Qxg5 22. dxe6 fxe6 23. Rc1 Qf4 24. Qe2 Bd5 25. Nd7 Bd6 26. Ne5 Qg5 27. Rxc8
Rxc8 28. Nc4 Bf4 29. Rxe4 Bxe4 30. Qxe4 Qxg4+ 31. Kh1 Qh3 0-1

[Event "III Aberto do Brasil Cidade de MaringÃƒÂ"]
[Site "Country Club de MaringÃƒÂ¡ - P"]
[Date "2013.07.27"]
[Round "7"]
[White "GAUCHE, Charles"]
[Black "MATSUURA, Everaldo"]
[Result "1/2-1/2"]
[WhiteElo "2204"]
[BlackElo "2491"]
[PlyCount "48"]
[EventDate "2013.07.24"]

1. Nf3 g6 2. d4 Bg7 3. e4 d6 4. Nc3 Nf6 5. Be2 O-O 6. O-O c6 7. a4 Nbd7 8. Re1
Qc7 9. Bf1 e5 10. g3 Re8 11. Bg2 a5 12. h3 Nb6 13. b3 Be6 14. Bb2 Rad8 15. dxe5
dxe5 16. Qe2 Nfd7 17. Red1 Nf8 18. Rxd8 Rxd8 19. Rd1 f6 20. Rxd8 Qxd8 21. Qd1
Nfd7 22. Qd2 Bf8 23. Nd1 Bb4 24. Bc3 Qe7 1/2-1/2

[Event "III Aberto do Brasil Cidade de MaringÃƒÂ"]
[Site "Country Club de MaringÃƒÂ¡ - P"]
[Date "2013.07.27"]
[Round "7"]
[White "CARVALHO, Herbert Abreu"]
[Black "FERNANDEZ, Daniel"]
[Result "0-1"]
[WhiteElo "2186"]
[BlackElo "2398"]
[PlyCount "77"]
[EventDate "2013.07.24"]

1. e4 c5 2. Nf3 e6 3. d4 cxd4 4. Nxd4 Nf6 5. Nc3 d6 6. g3 Nc6 7. Bg2 Bd7 8.
Ndb5 Qb8 9. Bg5 a6 10. Bxf6 axb5 11. Bg5 b4 12. Ne2 h6 13. Be3 Ne5 14. O-O Be7
15. Bd4 Bb5 16. f4 Nc6 17. Bf2 O-O 18. c3 e5 19. Be3 Bxe2 20. Qxe2 bxc3 21.
bxc3 exf4 22. Bxf4 Qa7+ 23. Kh1 Qc5 24. Rfb1 Rfb8 25. Qd3 Ra3 26. Rb3 Rba8 27.
Qb1 Bg5 28. Bxg5 hxg5 29. h3 Ne5 30. Kh2 Rxb3 31. Qxb3 Ra3 32. Qxb7 Qxc3 33.
Qb8+ Kh7 34. Qb1 Qxg3+ 35. Kh1 Nf3 36. Bxf3 Qxf3+ 37. Kg1 Rd3 38. e5 g6 39. Qb4
{IlegA|^A^^vel. ConcluA|^A^^da no lance 42 branco.} 0-1

[Event "III Aberto do Brasil Cidade de MaringÃƒÂ"]
[Site "Country Club de MaringÃƒÂ¡ - P"]
[Date "2013.07.27"]
[Round "7"]
[White "SANTIAGO, Yago De Moura"]
[Black "DEUS FILHO, Joaquim De"]
[Result "1-0"]
[WhiteElo "2409"]
[BlackElo "2040"]
[PlyCount "47"]
[EventDate "2013.07.24"]

1. e4 e6 2. d4 b6 3. c4 Bb7 4. Nc3 Bb4 5. Qc2 Qh4 6. Bd3 Bxc3+ 7. bxc3 f5 8. g3
Qe7 9. f3 fxe4 10. fxe4 Qf7 11. Qe2 Ne7 12. Nf3 O-O 13. O-O Qh5 14. Ba3 d6 15.
Qe3 h6 16. c5 dxc5 17. dxc5 Nbc6 18. Bc4 Rf6 19. Nd4 Ne5 20. Bxe6+ Rxe6 21.
Nxe6 Nc4 22. Qd4 Ne5 23. Rae1 Nf3+ 24. Rxf3 1-0

[Event "III Aberto do Brasil Cidade de MaringÃƒÂ"]
[Site "Country Club de MaringÃƒÂ¡ - P"]
[Date "2013.07.27"]
[Round "7"]
[White "FERNANDEZ, Maria Florencia"]
[Black "STAMENKOVIC, Dragan"]
[Result "0-1"]
[WhiteElo "2134"]
[BlackElo "2388"]
[PlyCount "94"]
[EventDate "2013.07.24"]

1. d4 Nf6 2. c4 e6 3. Nc3 Bb4 4. e3 O-O 5. Bd3 d5 6. Nf3 c5 7. O-O Nc6 8. a3
Bxc3 9. bxc3 dxc4 10. Bxc4 Qc7 11. Re1 Rd8 12. Qe2 e5 13. Ng5 Rf8 14. d5 Na5
15. e4 h6 16. Nf3 Bg4 17. Ba2 c4 18. h3 Bxf3 19. Qxf3 Qd6 20. Qg3 Rfe8 21. Qh4
Nd7 22. Be3 Nc5 23. Bb1 Na4 24. Bc2 Nb3 25. Bxb3 cxb3 26. Bd2 b2 27. Rab1 Rac8
28. Qg4 Kh8 29. Qf3 Qd7 30. Qh5 Kh7 31. g4 Kg8 32. Re3 Qd6 33. Rf3 Qg6 34. Qxg6
fxg6 35. Rd3 Rc4 36. f3 Rf8 37. Kg2 Kf7 38. Be1 Ke7 39. Bd2 Kd7 40. Kg3 Rf6 41.
Be3 Ra6 42. h4 Ra5 43. g5 hxg5 44. hxg5 Rb5 45. f4 Rxc3 46. Rxc3 exf4+ 47. Kxf4
Nxc3 0-1

[Event "III Aberto do Brasil Cidade de MaringÃƒÂ"]
[Site "Country Club de MaringÃƒÂ¡ - P"]
[Date "2013.07.27"]
[Round "7"]
[White "GONCALVES, Ivan Mesquita V"]
[Black "CAVALCANTI, Francisco De Assis"]
[Result "0-1"]
[WhiteElo "2169"]
[BlackElo "2289"]
[PlyCount "76"]
[EventDate "2013.07.24"]

1. e4 c5 2. Nf3 a6 3. Nc3 Nc6 4. g3 e6 5. Bg2 Nf6 6. O-O d6 7. d4 cxd4 8. Nxd4
Bd7 9. Re1 Be7 10. a4 O-O 11. Nxc6 Bxc6 12. Be3 Qc7 13. a5 Rfe8 14. f4 Rac8 15.
g4 d5 16. e5 Nd7 17. Ne2 Bb4 18. c3 Bxa5 19. Nd4 Bb6 20. Bf2 Nc5 21. g5 Ne4 22.
Be3 Bc5 23. Qe2 Bd7 24. Bxe4 dxe4 25. Qg2 Red8 26. Qxe4 Bxd4 27. Qxd4 Bc6 28.
Qb4 Rd3 29. Rad1 Qd7 30. Rxd3 Qxd3 31. Qd4 Qc2 32. Bf2 Qxb2 33. f5 Bd5 34. Qg4
Qxc3 35. g6 hxg6 36. fxg6 fxg6 37. Qg3 Qc2 38. h4 Rf8 0-1

[Event "III Aberto do Brasil Cidade de MaringÃƒÂ"]
[Site "Country Club de MaringÃƒÂ¡ - P"]
[Date "2013.07.27"]
[Round "7"]
[White "OLIVEIRA, Fernando Henrique"]
[Black "FELICIANO EBERT, Vanessa"]
[Result "0-1"]
[WhiteElo "2116"]
[BlackElo "2247"]
[PlyCount "64"]
[EventDate "2013.07.24"]

1. d4 Nf6 2. c4 g6 3. Nc3 Bg7 4. Nf3 d6 5. h3 O-O 6. Bf4 Nc6 7. e3 Nd7 8. Be2
e5 9. Bh2 f5 10. O-O Kh8 11. a3 g5 12. d5 Ncb8 13. Rc1 a5 14. b4 Na6 15. Qb3
Qf6 16. c5 axb4 17. axb4 dxc5 18. Bxa6 Rxa6 19. bxc5 e4 20. Nd4 Nxc5 21. Qc4
Nd3 22. Ra1 Rxa1 23. Rxa1 c5 24. dxc6 bxc6 25. Ra8 c5 26. Nd5 Qf7 27. Nb5 Be6
28. Rxf8+ Qxf8 29. Bd6 Qa8 30. Nbc7 Qa1+ 31. Kh2 Be5+ 32. Bxe5+ Qxe5+ 0-1

[Event "III Aberto do Brasil Cidade de MaringÃƒÂ"]
[Site "Country Club de MaringÃƒÂ¡ - P"]
[Date "2013.07.27"]
[Round "7"]
[White "MENDONCA CAMPELO, Higor Carlos"]
[Black "LEBREDO ZARAGOITIA, Gerardo"]
[Result "1-0"]
[WhiteElo "2061"]
[BlackElo "2209"]
[PlyCount "51"]
[EventDate "2013.07.24"]

1. e4 c5 2. Nf3 e6 3. d3 d5 4. Nbd2 Nc6 5. g3 Bd6 6. Bg2 Nge7 7. O-O Bc7 8. Nh4
Ng6 9. exd5 exd5 10. Re1+ Nce7 11. Nxg6 hxg6 12. Nb3 b6 13. Qe2 Rh5 14. f4 Kf8
15. Bf3 Rh8 16. c4 Be6 17. cxd5 Nxd5 18. d4 c4 19. Qxc4 Nxf4 20. Rxe6 Nxe6 21.
Bxa8 Qxa8 22. d5 b5 23. Qb4+ Kg8 24. dxe6 Bxg3 25. exf7+ Kxf7 26. Bg5 1-0

[Event "III Aberto do Brasil Cidade de MaringÃƒÂ"]
[Site "Country Club de MaringÃƒÂ¡ - P"]
[Date "2013.07.27"]
[Round "7"]
[White "CHANG, Suzana"]
[Black "OSIPI, Jair"]
[Result "1-0"]
[WhiteElo "1998"]
[BlackElo "2199"]
[PlyCount "98"]
[EventDate "2013.07.24"]

1. e4 c5 2. Nf3 e6 3. d4 cxd4 4. Nxd4 Nf6 5. Bd3 Nc6 6. Nxc6 bxc6 7. O-O e5 8.
Nd2 Be7 9. Nc4 d6 10. Bd2 O-O 11. Qe2 Re8 12. Rad1 Bf8 13. Ba5 Qe7 14. Bb4 Qc7
15. Ba5 Qb8 16. Bc3 Bd7 17. b3 d5 18. Nd2 Bb4 19. Bb2 Qb6 20. a3 Bg4 21. Nf3
Bd6 22. h3 Bh5 23. Bc1 Bg6 24. Nd2 Rad8 25. Kh2 dxe4 26. Bxe4 Nxe4 27. Nxe4 Bf8
28. Rxd8 Rxd8 29. b4 Qd4 30. f3 Qd5 31. Nc3 Qe6 32. Rf2 Bd6 33. Ne4 Bb8 34. Kg1
Qd5 35. Rf1 f6 36. Kh1 Bf7 37. Be3 Qb5 38. Qf2 a5 39. Bb6 Rd7 40. bxa5 Bc4 41.
a4 Qb4 42. c3 Qa3 43. Re1 Rd5 44. Qg3 Qe7 45. Qg4 Rd8 46. Bxd8 Qxd8 47. Nxf6+
Qxf6 48. Qxc4+ Kf8 49. Qe4 Qd6 1-0

[Event "III Aberto do Brasil Cidade de MaringÃƒÂ"]
[Site "Country Club de MaringÃƒÂ¡ - P"]
[Date "2013.07.27"]
[Round "7"]
[White "DE SOUZA, Ivo Eduardo Medeiros"]
[Black "ZIMMERMANN, Kleber Renato P"]
[Result "1/2-1/2"]
[WhiteElo "2193"]
[BlackElo "1934"]
[PlyCount "64"]
[EventDate "2013.07.24"]

1. Nf3 Nf6 2. d4 g6 3. g3 Bg7 4. Bg2 O-O 5. c4 c5 6. O-O Nc6 7. Nc3 cxd4 8.
Nxd4 Nxd4 9. Qxd4 d6 10. Qd2 Qc7 11. b3 Bd7 12. Bb2 Bc6 13. e4 Rac8 14. Rfd1
Rfe8 15. Rac1 Qa5 16. Nd5 Qxd2 17. Nxf6+ Bxf6 18. Rxd2 Bxb2 19. Rxb2 Kf8 20.
Rd1 Rc7 21. f4 b6 22. Rbd2 f6 23. e5 dxe5 24. Bxc6 Rxc6 25. fxe5 Re6 26. Rd7 a5
27. exf6 Rxf6 28. Rf1 Rxf1+ 29. Kxf1 Rc8 30. Rb7 Rc6 31. Ke2 Kf7 32. Kd3 Rd6+
1/2-1/2

[Event "III Aberto do Brasil Cidade de MaringÃƒÂ"]
[Site "Country Club de MaringÃƒÂ¡ - P"]
[Date "2013.07.27"]
[Round "7"]
[White "PALOZI, Paulo Ricardo"]
[Black "MARTINS, Saulo Marcio L"]
[Result "1-0"]
[WhiteElo "2251"]
[BlackElo "2029"]
[PlyCount "119"]
[EventDate "2013.07.24"]

1. d4 g6 2. c4 Bg7 3. e4 d6 4. Nc3 Nc6 5. Nge2 e5 6. d5 Nb8 7. Be3 Nd7 8. b4 a5
9. a3 Ne7 10. c5 f5 11. f3 O-O 12. Rc1 axb4 13. axb4 Nf6 14. h3 Ra3 15. Qd2 Bd7
16. g4 fxe4 17. fxe4 Rb3 18. c6 bxc6 19. Qa2 Rxb4 20. dxc6+ Kh8 21. cxd7 Qxd7
22. Bg2 Rfb8 23. O-O Rb2 24. Rb1 Rxb1 25. Rxb1 Rf8 26. Rf1 Rd8 27. Bg5 Nfg8 28.
Nd5 Rc8 29. Nxe7 Nxe7 30. Qf7 Re8 31. Bf6 Bxf6 32. Qxf6+ Kg8 33. Qf7+ Kh8 34.
Nc3 c6 35. Rd1 Rd8 36. Qf6+ Kg8 37. Bf1 Rf8 38. Qxd6 Qxd6 39. Rxd6 Rf3 40. Na4
Re3 41. Nc5 Rc3 42. Nd7 Nc8 43. Rd2 Kf7 44. Nxe5+ Ke6 45. Nc4 h5 46. Rd8 Ne7
47. Rd6+ Kf7 48. Ne5+ Kg7 49. Re6 Kf8 50. Nxg6+ Kf7 51. Rxe7+ Kxg6 52. gxh5+
Kxh5 53. Kf2 Kg5 54. Rf7 c5 55. e5 Kg6 56. e6 c4 57. Rf4 Rc2+ 58. Ke3 Rc3+ 59.
Kd2 Ra3 60. e7 1-0

[Event "III Aberto do Brasil Cidade de MaringÃƒÂ"]
[Site "Country Club de MaringÃƒÂ¡ - P"]
[Date "2013.07.27"]
[Round "7"]
[White "MARTINS, Carlos"]
[Black "CELLA, Glaucio Dalla Cortt"]
[Result "1-0"]
[WhiteElo "2241"]
[BlackElo "2013"]
[PlyCount "95"]
[EventDate "2013.07.24"]

1. e4 e5 2. Nf3 Nc6 3. d4 exd4 4. Nxd4 Bc5 5. Be3 Bxd4 6. Bxd4 Nxd4 7. Qxd4 f6
8. Nc3 Ne7 9. Bc4 Nc6 10. Qd2 Na5 11. Be2 d6 12. O-O Be6 13. Nd5 Nc6 14. f4 a6
15. Rf3 Qd7 16. Rg3 O-O 17. f5 Bxd5 18. Qxd5+ Kh8 19. Bh5 Ne5 20. Rh3 Qc6 21.
Bg6 Qxd5 22. Rxh7+ Kg8 23. exd5 Nxg6 24. fxg6 f5 25. Re1 Rae8 26. Rxe8 Rxe8 27.
Kf2 c6 28. Rh3 Re5 29. Rb3 Rxd5 30. Rxb7 Kf8 31. Rf7+ Kg8 32. Rc7 Kf8 33. Rxc6
Ke7 34. Rxa6 Rd2+ 35. Kf3 Rxc2 36. Rb6 Rc4 37. g3 Ke6 38. h4 Rg4 39. b4 Rxg6
40. a4 Kd7 41. a5 Kc7 42. b5 Re6 43. Rc6+ Kd7 44. Ra6 Re4 45. Ra7+ Kc8 46. b6
Rb4 47. h5 d5 48. Rxg7 1-0

[Event "III Aberto do Brasil Cidade de MaringÃƒÂ"]
[Site "Country Club de MaringÃƒÂ¡ - P"]
[Date "2013.07.27"]
[Round "7"]
[White "CHAVES, Jorge Antonio Torres"]
[Black "SANTOS, Renato Andrade"]
[Result "0-1"]
[WhiteElo "2010"]
[BlackElo "2188"]
[PlyCount "119"]
[EventDate "2013.07.24"]

1. e4 c5 2. Nf3 g6 3. d3 Bg7 4. g3 Nc6 5. Bg2 d6 6. Nbd2 Nf6 7. O-O O-O 8. Re1
e5 9. a4 h6 10. Nc4 Be6 11. h3 Qc7 12. Ne3 d5 13. exd5 Nxd5 14. Nc4 Rfe8 15.
Nh2 f5 16. Bd2 Rad8 17. Qc1 Kh7 18. a5 Ndb4 19. Bxc6 Nxc6 20. Ra4 b5 21. axb6
axb6 22. Na3 Nd4 23. Nc4 Bc8 24. c3 Nc6 25. Na3 Rxd3 26. Rh4 f4 27. Bxf4 exf4
28. Rxe8 fxg3 29. Ng4 gxf2+ 30. Kf1 Bxg4 31. hxg4 Ne7 32. Qc2 Qg3 33. Rh1 Qf3
34. Rh2 Rd1+ 35. Qxd1 Qxd1+ 36. Kxf2 Nd5 37. Nc4 Qxg4 38. Nd2 Be5 39. Rxe5 Qf4+
40. Nf3 Nf6 41. Re7+ Kg8 42. Ke2 g5 43. Rh1 g4 44. Nd2 Kf8 45. Re6 Kf7 46.
Rxf6+ Kxf6 47. Rf1 Ke5 48. Rxf4 Kxf4 49. Kf2 h5 50. Nf1 h4 51. Kg2 Ke4 52. Nh2
Kd3 53. Nxg4 Kc2 54. b4 c4 55. Ne3+ Kxc3 56. Nd5+ Kb3 57. Nxb6 c3 58. Nd7 c2
59. Nc5+ Kc4 60. Ne4 0-1

[Event "III Aberto do Brasil Cidade de MaringÃƒÂ"]
[Site "Country Club de MaringÃƒÂ¡ - P"]
[Date "2013.07.27"]
[Round "7"]
[White "VILLALBA, Marcelo"]
[Black "TACCONI DA SILVA, Lucas"]
[Result "1-0"]
[WhiteElo "2179"]
[BlackElo "2007"]
[PlyCount "57"]
[EventDate "2013.07.24"]

1. e4 e6 2. d4 d5 3. Nd2 dxe4 4. Nxe4 Bd7 5. c4 Bc6 6. Nc3 Nf6 7. Nf3 Be7 8.
Ne5 O-O 9. Be3 b6 10. Nxc6 Nxc6 11. Be2 Rc8 12. g4 Na5 13. g5 Ne8 14. Rg1 Nd6
15. c5 Nf5 16. Ne4 bxc5 17. dxc5 Nxe3 18. Qxd8 Rfxd8 19. fxe3 Rb8 $11 20. b3
Rb4 21. Bf3 Rb5 22. Rc1 c6 23. Ke2 Nb7 24. Nf6+ Kh8 25. Nd7 Na5 26. Ne5 Kg8 27.
Nd3 Rc8 28. b4 Nb7 29. a4 1-0

[Event "III Aberto do Brasil Cidade de MaringÃƒÂ"]
[Site "Country Club de MaringÃƒÂ¡ - P"]
[Date "2013.07.27"]
[Round "7"]
[White "MOURA, Pedro Camargo"]
[Black "SOUZA NEVES, Andrey M"]
[Result "0-1"]
[WhiteElo "2002"]
[BlackElo "2172"]
[PlyCount "86"]
[EventDate "2013.07.24"]

1. e4 c5 2. Nf3 Nc6 3. d4 cxd4 4. Nxd4 Nf6 5. Nc3 d6 6. Be3 Ng4 7. Bb5 Nxe3 8.
fxe3 Bd7 9. O-O e6 10. Bxc6 bxc6 11. Qf3 Qf6 12. Qh5 Qe7 13. e5 d5 14. e4 g6
15. Qf3 Bg7 16. exd5 cxd5 17. Rae1 O-O 18. Kh1 Rab8 19. Nb3 a5 20. a4 Qb4 21.
Qe3 Qb6 22. Nc5 Bc6 23. b3 Rfc8 24. Nd1 Be8 25. Nd3 Rxc2 26. Qg5 Qxb3 27. Nf4
h6 28. Qe7 Qb4 29. Nxg6 Qxe7 30. Nxe7+ Kh7 31. Ne3 Rc7 32. N7xd5 exd5 33. Nxd5
Rc5 34. Nf6+ Bxf6 35. Rxf6 Rd5 36. Ra1 Kg7 37. Rf4 Bc6 38. h4 Rb4 39. Rxb4 axb4
40. Rb1 Rxe5 41. Kh2 Bxa4 42. Kg3 Bc2 43. Rb2 b3 0-1

[Event "III Aberto do Brasil Cidade de MaringÃƒÂ"]
[Site "Country Club de MaringÃƒÂ¡ - P"]
[Date "2013.07.27"]
[Round "7"]
[White "CRUZ, William Ferreira Da"]
[Black "DOTORIVO DE SOUSA, Eduardo"]
[Result "1-0"]
[WhiteElo "2170"]
[BlackElo "1998"]
[PlyCount "56"]
[EventDate "2013.07.24"]

1. d4 Nf6 2. c4 c5 3. d5 e6 4. Nc3 exd5 5. cxd5 d6 6. e4 g6 7. Nf3 Bg7 8. h3
O-O 9. Bd3 Re8 10. O-O b6 11. Re1 h6 12. Bf4 Nh5 13. Bh2 Na6 14. Bb5 Re7 15. e5
dxe5 16. Nxe5 Bb7 17. d6 Rxe5 18. Bxe5 Bxe5 19. Rxe5 Qf6 20. Re7 Bxg2 21. Kxg2
Nf4+ 22. Kh2 Ne6 23. Rxe6 Qxf2+ 24. Kh1 fxe6 25. Qg4 Kg7 26. Rg1 g5 27. Ne4 Qe3
28. Bxa6 Rf8 1-0

[Event "III Aberto do Brasil Cidade de MaringÃƒÂ"]
[Site "Country Club de MaringÃƒÂ¡ - P"]
[Date "2013.07.27"]
[Round "7"]
[White "JESUS FILHO, Jose Carlos"]
[Black "BARATA, Adriano Albiani"]
[Result "0-1"]
[WhiteElo "1975"]
[BlackElo "2170"]
[PlyCount "98"]
[EventDate "2013.07.24"]

1. e4 c5 2. Nf3 Nc6 3. Bc4 e6 4. c3 d5 5. exd5 exd5 6. Be2 Nf6 7. O-O Be7 8. d4
c4 9. Bg5 h6 10. Be3 Bf5 11. Nbd2 O-O 12. Re1 Bd6 13. Nf1 Re8 14. Ng3 Bh7 15.
b3 b5 16. a4 a6 17. b4 Ne4 18. Nxe4 dxe4 19. Nd2 f5 20. Nxc4 bxc4 21. Bxc4+ Kh8
22. Qe2 Nb8 23. Qh5 Nd7 24. Qe2 f4 25. Bd2 a5 26. Bd5 Rb8 27. b5 f3 28. gxf3
Qh4 29. f4 Nf6 30. Bc4 Rbc8 31. f3 exf3 32. Qxf3 Ne4 33. Be3 Rxc4 34. Bf2 Qd8
35. Re3 Nxf2 36. Qxf2 Rxe3 37. Qxe3 Qc8 38. Re1 Qg4+ 39. Qg3 Qxg3+ 40. hxg3
Rxc3 41. Kf2 Rd3 42. Re8+ Bg8 43. Ra8 Rxd4 44. Rxa5 Bc5 45. Kf3 Bd5+ 46. Kg4
Kh7 47. Kf5 Bb7 48. b6 Bxb6 49. Rb5 Rd5+ 0-1

[Event "III Aberto do Brasil Cidade de MaringÃƒÂ"]
[Site "Country Club de MaringÃƒÂ¡ - P"]
[Date "2013.07.27"]
[Round "7"]
[White "LANGNER, Donizete Ribeiro"]
[Black "SOUZA, Rafael Cabral De"]
[Result "0-1"]
[WhiteElo "1951"]
[BlackElo "2144"]
[PlyCount "116"]
[EventDate "2013.07.24"]

1. Nf3 c5 2. c4 Nc6 3. Nc3 g6 4. g3 Bg7 5. Bg2 Nf6 6. O-O O-O 7. d4 cxd4 8.
Nxd4 Ng4 9. e3 d6 10. Nxc6 bxc6 11. Bxc6 Rb8 12. Bg2 Ne5 13. Qa4 Qd7 14. Qxd7
Bxd7 15. Nb5 a6 16. Nd4 Nxc4 17. b3 Ne5 18. Bd2 Nd3 19. Rfd1 e5 20. Nc6 Bxc6
21. Bxc6 e4 22. Rab1 f5 23. Ba5 Rfc8 24. Bd5+ Kf8 25. Bc4 Nb2 26. Rxb2 Bxb2 27.
Rxd6 Ba3 28. Rxa6 Ra8 29. Rf6+ Ke7 30. Bc3 Rxc4 31. bxc4 Bd6 32. a3 Rc8 33.
Rxd6 Kxd6 34. Bb4+ Kc6 35. h4 Rd8 36. Kf1 Rd1+ 37. Ke2 Rc1 38. c5 Rc2+ 39. Ke1
Kb5 40. Kf1 Kc4 41. Ke1 Kd3 42. Kf1 Rc1+ 43. Kg2 Ke2 44. a4 Rc4 45. Ba5 Rxa4
46. Bc7 Rc4 47. Bd6 Rc2 48. Be7 Ke1 49. h5 gxh5 50. Bd6 h6 51. Bf4 Rxc5 52.
Bxh6 Rc2 53. Kh3 Kxf2 54. Kh4 Kf3 55. Bf4 Rg2 56. Kh3 Re2 57. Kh4 Rxe3 58. Kxh5
Rb3 0-1

[Event "III Aberto do Brasil Cidade de MaringÃƒÂ"]
[Site "Country Club de MaringÃƒÂ¡ - P"]
[Date "2013.07.27"]
[Round "7"]
[White "GARKAUSKAS, Otto Dmitry"]
[Black "MONTEIRO, Artur Fernando"]
[Result "1/2-1/2"]
[WhiteElo "2084"]
[BlackElo "1994"]
[PlyCount "100"]
[EventDate "2013.07.24"]

1. d4 Nf6 2. c4 e5 3. dxe5 Ng4 4. Bf4 Bb4+ 5. Nd2 d5 6. exd6 Qf6 7. Nh3 Nxf2 8.
Kxf2 Bxh3 9. g3 Bc5+ 10. e3 g5 11. Bxh3 gxf4 12. Kg2 fxe3 13. Re1 O-O 14. Ne4
Qxb2+ 15. Re2 Qe5 16. Nxc5 Qxc5 17. d7 Rd8 18. Qa4 Nc6 19. Rae1 f5 20. Rd1 Nd4
21. Rxe3 c6 22. Rde1 Rxd7 23. Re5 Qb6 24. Qa3 c5 25. Qxc5 Qb2+ 26. Kh1 Rf8 27.
Re8 Rdf7 28. Rxf8+ Rxf8 29. Qd5+ Kg7 30. Qe5+ Kg6 31. Rd1 Qxh2+ 32. Kxh2 Nf3+
33. Kh1 Nxe5 34. c5 Rc8 35. Rd6+ Kg5 36. Rd5 Re8 37. Kg2 Ng4 38. Rd7 Re2+ 39.
Kf1 Rxa2 40. Rxb7 h5 41. c6 Rc2 42. Rg7+ Kf6 43. Rxa7 Rxc6 44. Bxg4 hxg4 45.
Ra5 Ke6 46. Kf2 Rd6 47. Ke3 Rd5 48. Ra8 Ke5 49. Re8+ Kf6 50. Rf8+ Ke5 1/2-1/2

[Event "III Aberto do Brasil Cidade de MaringÃƒÂ"]
[Site "Country Club de MaringÃƒÂ¡ - P"]
[Date "2013.07.27"]
[Round "7"]
[White "STIVANELLI, Leonardo Alexandre"]
[Black "FISCHER JUNIOR, Donaldo"]
[Result "1-0"]
[WhiteElo "2076"]
[BlackElo "1973"]
[PlyCount "61"]
[EventDate "2013.07.24"]

1. e4 e5 2. Nc3 Bc5 3. Nge2 Nc6 4. g3 Qf6 5. f4 Nge7 6. Na4 Bd6 7. d4 exd4 8.
e5 Bxe5 9. fxe5 Qxe5 10. Bg2 Qa5+ 11. c3 d3 12. Nf4 Qe5+ 13. Kf2 b5 14. Re1 Qf6
15. Nc5 g5 16. Ne4 Qf5 17. g4 Qe5 18. Nxd3 Qg7 19. Bxg5 f5 20. Bxe7 fxe4 21.
Bxe4 Nxe7 22. Bxa8 c6 23. Qe2 Kd8 24. Rad1 Rf8+ 25. Kg1 d6 26. Ne5 Kc7 27. Qe3
Bxg4 28. Qxa7+ Kc8 29. Qb7+ Kd8 30. Nxc6+ Nxc6 31. Qxg7 1-0

[Event "III Aberto do Brasil Cidade de MaringÃƒÂ"]
[Site "Country Club de MaringÃƒÂ¡ - P"]
[Date "2013.07.27"]
[Round "7"]
[White "LISBOA TORRES, Eduardo"]
[Black "GONCALVES, Jorge Roberto"]
[Result "0-1"]
[WhiteElo "1864"]
[BlackElo "2068"]
[PlyCount "87"]
[EventDate "2013.07.24"]

1. d4 Nf6 2. c4 e6 3. Nc3 Bb4 4. e3 d5 5. cxd5 exd5 6. Nge2 O-O 7. a3 Bd6 8.
Bd2 c6 9. Ng3 Ng4 10. f4 Re8 11. Qf3 b5 12. h3 Nf6 13. Bd3 Qe7 14. O-O a6 15.
e4 dxe4 16. Ncxe4 Nxe4 17. Nxe4 Be6 18. Ng5 h6 19. Qh5 Nd7 20. Rae1 Nf6 21. Qh4
Qc7 22. Nxe6 fxe6 23. g4 Rad8 24. Bg6 Re7 25. Rf3 Bc5 26. g5 hxg5 27. Qxg5
Bxd4+ 28. Be3 Qb6 29. Kh1 Bxe3 30. Rfxe3 Qd4 31. Qe5 Qb6 32. R3e2 Rd5 33. Qc3
c5 34. f5 Qb7 35. Kg1 b4 36. Qc4 Qc7 37. Qh4 e5 38. Qc4 e4 39. Kg2 Qf4 40. axb4
Qf3+ 41. Kh2 Kf8 42. bxc5 Rd3 43. Qxd3 Qxd3 44. c6 0-1

[Event "III Aberto do Brasil Cidade de MaringÃƒÂ"]
[Site "Country Club de MaringÃƒÂ¡ - P"]
[Date "2013.07.27"]
[Round "7"]
[White "ALMEIDA, Alvaro Alves De"]
[Black "MARTINS, Anderson"]
[Result "1/2-1/2"]
[WhiteElo "1808"]
[BlackElo "2068"]
[PlyCount "119"]
[EventDate "2013.07.24"]

1. e4 e6 2. d4 d5 3. exd5 exd5 4. Bd3 Bd6 5. Nf3 Ne7 6. c3 O-O 7. O-O Bf5 8.
Bxf5 Nxf5 9. Qd3 Qd7 10. Ne5 Bxe5 11. dxe5 Nc6 12. f4 f6 13. exf6 Rxf6 14. Be3
Nxe3 15. Qxe3 Re8 16. Qd3 Re4 17. g3 Qf5 18. Na3 Ne7 19. Qb5 h5 20. Rae1 Kf7
21. Rxe4 Qxe4 22. Qc5 h4 23. Qd4 Qg6 24. Rf3 c6 25. Kf2 b6 26. Qe5 Rf5 27. Qe3
Qh5 28. h3 hxg3+ 29. Rxg3 Qh4 30. Kg2 Rxf4 31. Rf3 Ng6 32. Rxf4+ Nxf4+ 33. Kh2
g5 34. Qg3 Qh7 35. Qg4 Kf6 36. Qc8 Qd3 37. Qxc6+ Kf5 38. Qd7+ Kg6 39. Qe8+ Kf5
40. Qd7+ Ke5 41. Qg7+ Ke4 42. Qh7+ Kf3 43. Qxd3+ Nxd3 44. Nb5 a5 45. Nc7 Ke4
46. Ne6 Nxb2 47. Nxg5+ Kf5 48. Nf3 Nd1 49. Nd4+ Ke4 50. Nb5 Kf3 51. Nd4+ Ke4
52. Nb5 Kf4 53. Kg2 a4 54. Kh2 Nf2 55. Kg2 Ne4 56. Kh2 Kf3 57. Nd4+ Ke3 58. Nb5
a3 59. h4 Kf4 60. Kh3 $11 1/2-1/2